| 000 | 01039nam a22002537a 4500 | ||
|---|---|---|---|
| 005 | 20091111111733.0 | ||
| 008 | 091111t xxu||||| |||| 00| j hin d | ||
| 010 | _aHIN-92499 | ||
| 020 |
_c125.00 _a8190317719 |
||
| 035 | _aHN-64845 | ||
| 037 | _bDBAD / PUB | ||
| 040 |
_aDPL _bHN |
||
| 082 | _a158.1 | ||
| 100 |
_aमार्डेन, स्वेट _927478 |
||
| 245 |
_aउन्नति की राहें / _cस्वेट मार्डेन |
||
| 246 |
_aUnnti kee rahane _bby Swait Mardain |
||
| 260 |
_aपंचकूला _bबेटर बुक्स _c2011 |
||
| 270 |
_a#1471- सेक्टर-15 _bपंचकूला (हरियाणा) |
||
| 300 |
_a72पृ _c22सेमी (सजिल्द) |
||
| 650 | _91169 | ||
| 650 | _91170 | ||
| 942 |
_2ddc _cHN _h158.1 _mमार्डेन |
||
| 999 |
_c51915 _d51915 |
||